000 00902nam a2200253Ia 4500
003 OSt
005 20221005112116.0
006 a|||||r|||| 00| 0
007 ta
008 221004b |||||||| |||| 00| 0 pan d
020 _cINR 325.00
024 _a68481
037 _b1205, 02/03/2020, H.K. Prakashan
_cTextual
040 _aCRL
_cCRL
_bpan
041 _2pan
_apan
082 _aQ8441xI69, 153Q9
100 _aਕੌਰ, ਚਮਨਦੀਪ, ਥਦ.
245 0 _aਗੁਰੂ ਨਾਨਕ ਬਾਣੀ
_b ਰੂਹਾਨੀ ਹੂਕ
260 _aਅੰਮਿ਼ਤਸਰ
_bਰਵੀ ਸਾਹਿਤ ਪ੍ਰਕਾFਨ ਭਾਰਤ
_c2019
300 _a192ਪ0੍ਰ
_ccm.
650 _aਸਿੱਖ ਧਰਮ
_9156314
942 _hQ8441xI69, 153Q9
_cTEXL
_2cc
999 _c1023852
_d1023852